header

Radical human ecology (Record no. 120898)

MARC details
000 -LEADER
fixed length control field 01635nam a2200373 a 4500
082 04 - DEWEY DECIMAL CLASSIFICATION NUMBER
Classification number 304.2
245 00 - TITLE STATEMENT
Title Radical human ecology
260 ## - PUBLICATION, DISTRIBUTION, ETC. (IMPRINT)
Place of publication Farnham, Surrey, England ;
-- Burlington, Vt. :
Name of publisher Ashgate,
Year of publication c2012.
300 ## - PHYSICAL DESCRIPTION
Number of Pages xvi, 433 p. :
Other physical details ill.
505 0# - FORMATTED CONTENTS NOTE
Formatted contents note pt. 1. Head : theories of human ecology -- pt. 2. Heart : radical epistemologies of relationship -- pt. 3. Hand : human ecology in practice.
650 #0 - SUBJECT ADDED ENTRY--TOPICAL TERM
Topical Term Human ecology
Topical Term Deep ecology
Topical Term Indigenous peoples
Topical Term Traditional ecological knowledge.
700 1# - ADDED ENTRY--PERSONAL NAME
Personal name Williams, Lewis,
Personal name Roberts, Rose Alene.
Personal name McIntosh, Alastair,
856 40 - ELECTRONIC LOCATION AND ACCESS
Uniform Resource Identifier http://site.ebrary.com/lib/rucke/Doc?id=10518243

No items available.

© 2026 Rongo University
Contact us: librarian | system librarian | Rongo university